Chile... or Argentina? - Statistics

General Stats
  • This quiz has been taken 172 times
    56 since last reset
  • The average score is 10 of 13
Answer Stats
Question Answer % Correct
Lionel Messi was born here... Argentina
100%
Pedro Pascal was born here... Chile
96%
Has a longer coastline... Chile
92%
The larger country by area... Argentina
87%
Has won a world cup... Argentina
87%
Patagonia is here... Both
87%
Borders the Pacific Ocean... Chile
83%
Has a city called Los Angeles... Chile
72%
Borders more than 3 countries... Argentina
68%
Has a population of less that 15 million people... Neither
68%
Simón Bolívar was born here... Neither
57%
Has the taller mountain... Argentina
43%
Most common last name is Gonzales... Both
19%
No matching quizzes found
Score Distribution
Percent of People with Each Score
Percentile by Number Answered
Your Score History
You have not taken this quiz since the last reset